[Event "DEM U16 2025"]
[Site "Willingen GER"]
[Date "2025.06.11"]
[Round "5"]
[White "Burkart, Lloyd Shang"]
[Black "Skembris, Simon Max"]
[Result "1-0"]
[Termination "normal"]
[Board "8"]
[BlackTitle "CM"]
[WhiteElo "2082"]
[BlackElo "2199"]
[WhiteClock "00:02:15"]
[BlackClock "00:05:18"]
[PlyCount "132"]
[WhiteFideId "16239059"]
[BlackFideId "16281381"]
[EventCountry "GER"]
[EventRounds "9"]
[EventType "swiss"]
[EventDate "2025.06.07"]

1. d4 {[%clk 01:30:58]} {[%emt 00:00:01]} Nf6 {[%clk 01:30:53]} {[%emt
00:00:08]} 2. c4 {[%clk 01:31:24]} {[%emt 00:00:03]} e6 {[%clk 01:31:18]}
{[%emt 00:00:05]} 3. g3 {[%emt 00:00:14]} d5 {[%clk 01:31:23]} {[%emt
00:00:19]} 4. Bg2 {[%clk 01:31:37]} {[%emt 00:00:39]} dxc4 {[%clk 01:30:57]}
{[%emt 00:00:56]} 5. Qa4+ {[%clk 01:31:22]} {[%emt 00:00:45]} Nbd7 {[%clk
01:30:08]} {[%emt 00:01:19]} 6. Nd2 {[%clk 01:28:06]} {[%emt 00:03:46]} c6
{[%clk 01:27:37]} {[%emt 00:03:01]} 7. Qxc4 {[%clk 01:20:01]} {[%emt 00:08:34]}
Nb6 {[%clk 01:25:38]} {[%emt 00:02:30]} 8. Qd3 {[%clk 01:19:50]} {[%emt
00:00:40]} Be7 {[%clk 01:20:06]} {[%emt 00:06:03]} 9. Ngf3 {[%clk 01:19:27]}
{[%emt 00:00:52]} O-O {[%clk 01:20:03]} {[%emt 00:00:33]} 10. O-O {[%clk
01:19:35]} {[%emt 00:00:23]} c5 {[%clk 01:14:44]} {[%emt 00:05:49]} 11. Rd1
{[%clk 01:02:15]} {[%emt 00:17:49]} Re8 {[%clk 01:02:49]} {[%emt 00:12:26]} 12.
b3 {[%clk 00:53:43]} {[%emt 00:09:01]} Nbd5 {[%clk 00:58:31]} {[%emt 00:04:48]}
13. a3 {[%clk 00:47:38]} {[%emt 00:06:36]} b6 {[%clk 00:56:26]} {[%emt
00:02:35]} 14. Bb2 {[%clk 00:40:20]} {[%emt 00:07:47]} a5 {[%clk 00:51:06]}
{[%emt 00:05:52]} 15. e4 {[%clk 00:35:34]} {[%emt 00:05:14]} Nc7 {[%clk
00:49:06]} {[%emt 00:02:31]} 16. Qc2 {[%clk 00:32:19]} {[%emt 00:03:44]} Bb7
{[%clk 00:46:19]} {[%emt 00:03:19]} 17. Rac1 {[%clk 00:29:47]} {[%emt
00:03:01]} Nb5 {[%clk 00:39:33]} {[%emt 00:07:16]} 18. dxc5 {[%clk 00:13:22]}
{[%emt 00:16:55]} Bxc5 {[%clk 00:39:03]} {[%emt 00:01:00]} 19. a4 {[%clk
00:12:53]} {[%emt 00:00:59]} Na7 {[%clk 00:33:32]} {[%emt 00:06:02]} 20. Nc4
{[%clk 00:11:31]} {[%emt 00:01:51]} Qe7 {[%clk 00:32:44]} {[%emt 00:01:18]} 21.
Nfe5 {[%clk 00:09:53]} {[%emt 00:02:08]} Red8 {[%clk 00:30:51]} {[%emt
00:02:22]} 22. Qe2 {[%clk 00:09:01]} {[%emt 00:01:22]} Rxd1+ {[%clk 00:30:11]}
{[%emt 00:01:11]} 23. Rxd1 {[%clk 00:09:19]} {[%emt 00:00:12]} Nc6 {[%clk
00:29:07]} {[%emt 00:01:34]} 24. Nxc6 {[%clk 00:06:10]} {[%emt 00:03:40]} Bxc6
{[%clk 00:29:30]} {[%emt 00:00:06]} 25. Bxf6 {[%clk 00:06:31]} {[%emt
00:00:09]} gxf6 {[%clk 00:29:15]} {[%emt 00:00:46]} 26. e5 {[%clk 00:05:05]}
{[%emt 00:01:56]} Bxg2 {[%clk 00:29:12]} {[%emt 00:00:32]} 27. Kxg2 {[%clk
00:05:22]} {[%emt 00:00:13]} f5 {[%clk 00:27:48]} {[%emt 00:01:55]} 28. Qd2
{[%clk 00:03:24]} {[%emt 00:02:28]} Kg7 {[%clk 00:24:18]} {[%emt 00:03:59]} 29.
Qd7 {[%clk 00:03:26]} {[%emt 00:00:29]} Qxd7 {[%clk 00:22:17]} {[%emt
00:02:31]} 30. Rxd7 {[%clk 00:03:54]} {[%emt 00:00:01]} b5 {[%clk 00:21:46]}
{[%emt 00:01:02]} 31. axb5 {[%clk 00:02:59]} {[%emt 00:01:25]} Rb8 {[%clk
00:22:06]} {[%emt 00:00:10]} 32. Nxa5 {[%clk 00:01:31]} {[%emt 00:01:59]} Rxb5
{[%clk 00:21:08]} {[%emt 00:01:26]} 33. Nb7 {[%clk 00:01:52]} {[%emt 00:00:10]}
Ba3 {[%clk 00:19:12]} {[%emt 00:02:26]} 34. Nd8 {[%clk 00:01:07]} {[%emt
00:01:15]} Rxe5 {[%clk 00:19:10]} {[%emt 00:00:32]} 35. Nxf7 {[%clk 00:00:40]}
{[%emt 00:00:57]} Rd5 {[%clk 00:18:54]} {[%emt 00:00:46]} 36. Rxd5 {[%clk
00:00:39]} {[%emt 00:00:31]} exd5 {[%clk 00:19:19]} {[%emt 00:00:04]} 37. Ne5
{[%clk 00:00:45]} {[%emt 00:00:24]} Kf6 {[%clk 00:19:13]} {[%emt 00:00:37]} 38.
Nd3 {[%clk 00:01:10]} {[%emt 00:00:04]} Bd6 {[%clk 00:19:02]} {[%emt 00:00:41]}
39. Kf3 {[%clk 00:00:45]} {[%emt 00:00:55]} d4 {[%clk 00:16:45]} {[%emt
00:02:48]} 40. Ke2 {[%clk 00:00:37]} {[%emt 00:00:38]} Ke6 {[%clk 00:16:10]}
{[%emt 00:01:05]} 41. Nf4+ {[%clk 00:27:02]} {[%emt 00:04:02]} Ke5 {[%clk
00:44:54]} {[%emt 00:01:50]} 42. f3 {[%clk 00:26:44]} {[%emt 00:00:47]} Bc7
{[%clk 00:35:33]} {[%emt 00:09:51]} 43. Kd3 {[%clk 00:26:33]} {[%emt 00:00:41]}
Bb6 {[%clk 00:35:03]} {[%emt 00:01:01]} 44. Kc4 {[%clk 00:26:04]} {[%emt
00:00:58]} Ba7 {[%clk 00:35:17]} {[%emt 00:00:16]} 45. Nd3+ {[%clk 00:25:14]}
{[%emt 00:01:20]} Kd6 {[%clk 00:35:28]} {[%emt 00:00:19]} 46. b4 {[%clk
00:24:52]} {[%emt 00:00:51]} Kc6 {[%clk 00:33:18]} {[%emt 00:02:40]} 47. Nc5
{[%clk 00:22:29]} {[%emt 00:02:53]} Bb6 {[%clk 00:32:43]} {[%emt 00:01:07]} 48.
b5+ {[%clk 00:14:15]} {[%emt 00:08:43]} Kd6 {[%clk 00:30:58]} {[%emt 00:02:14]}
49. Na4 {[%clk 00:14:39]} {[%emt 00:00:06]} d3 {[%clk 00:30:50]} {[%emt
00:00:38]} 50. Kxd3 {[%clk 00:15:05]} {[%emt 00:00:04]} Bg1 {[%clk 00:30:30]}
{[%emt 00:00:51]} 51. h3 {[%clk 00:15:24]} {[%emt 00:00:09]} h5 {[%clk
00:27:26]} {[%emt 00:03:35]} 52. b6 {[%clk 00:12:52]} {[%emt 00:03:02]} Kc6
{[%clk 00:23:14]} {[%emt 00:04:43]} 53. g4 {[%clk 00:12:44]} {[%emt 00:00:37]}
hxg4 {[%clk 00:22:07]} {[%emt 00:01:38]} 54. hxg4 {[%clk 00:12:43]} {[%emt
00:00:31]} fxg4 {[%clk 00:22:29]} {[%emt 00:00:07]} 55. fxg4 {[%clk 00:13:07]}
{[%emt 00:00:06]} Kd5 {[%clk 00:17:54]} {[%emt 00:05:06]} 56. Kc3 {[%clk
00:01:30]} {[%emt 00:12:06]} Ke4 {[%clk 00:08:14]} {[%emt 00:10:11]} 57. b7
{[%clk 00:01:55]} {[%emt 00:00:05]} Ba7 {[%clk 00:07:54]} {[%emt 00:00:50]} 58.
Kc4 {[%clk 00:02:21]} {[%emt 00:00:04]} Kf4 {[%clk 00:06:30]} {[%emt 00:01:53]}
59. Kd5 {[%clk 00:01:35]} {[%emt 00:01:16]} Kxg4 {[%clk 00:06:38]} {[%emt
00:00:23]} 60. Ke6 {[%clk 00:01:09]} {[%emt 00:00:56]} Kf4 {[%clk 00:04:50]}
{[%emt 00:02:18]} 61. Nc3 {[%clk 00:01:03]} {[%emt 00:00:35]} Bb8 {[%clk
00:04:10]} {[%emt 00:01:11]} 62. Nb5 {[%clk 00:01:05]} {[%emt 00:00:27]} Ke4
{[%clk 00:04:26]} {[%emt 00:00:15]} 63. Kd7 {[%clk 00:01:15]} {[%emt 00:00:20]}
Kd5 {[%clk 00:04:44]} {[%emt 00:00:12]} 64. Kc8 {[%clk 00:01:37]} {[%emt
00:00:07]} Be5 {[%clk 00:04:52]} {[%emt 00:00:23]} 65. Nc7+ {[%clk 00:01:56]}
{[%emt 00:00:11]} Kc6 {[%clk 00:05:18]} {[%emt 00:00:04]} 66. b8=Q {[%clk
00:02:15]} {[%emt 00:00:11]} Kd5 {[%emt 00:00:14]} 1-0

[Event "DEM U16 2025"]
[Site "Willingen GER"]
[Date "2025.06.11"]
[Round "5"]
[White "Marcziter, Alex"]
[Black "Blodig, Vincent"]
[Result "1-0"]
[Termination "normal"]
[Board "9"]
[WhiteElo "2102"]
[BlackElo "2129"]
[WhiteClock "00:36:10"]
[BlackClock "00:04:17"]
[PlyCount "185"]
[WhiteFideId "16258126"]
[BlackFideId "16297857"]
[EventCountry "GER"]
[EventRounds "9"]
[EventType "swiss"]
[EventDate "2025.06.07"]

1. e4 {[%clk 01:30:49]} {[%emt 00:00:10]} e5 {[%clk 01:30:55]} {[%emt
00:00:06]} 2. Nf3 {[%clk 01:30:38]} {[%emt 00:00:40]} Nc6 {[%clk 01:31:20]}
{[%emt 00:00:05]} 3. Bc4 {[%clk 01:30:20]} {[%emt 00:00:47]} Nf6 {[%clk
01:31:44]} {[%emt 00:00:07]} 4. d3 {[%clk 01:29:23]} {[%emt 00:01:27]} Be7
{[%clk 01:32:09]} {[%emt 00:00:06]} 5. O-O {[%clk 01:27:58]} {[%emt 00:01:54]}
O-O {[%clk 01:32:34]} {[%emt 00:00:05]} 6. c3 {[%clk 01:25:25]} {[%emt
00:03:03]} d6 {[%clk 01:32:49]} {[%emt 00:00:16]} 7. Re1 {[%clk 01:24:01]}
{[%emt 00:01:53]} Na5 {[%clk 01:29:40]} {[%emt 00:03:40]} 8. Bb5 {[%clk
01:22:35]} {[%emt 00:01:56]} a6 {[%clk 01:29:56]} {[%emt 00:00:13]} 9. Ba4
{[%clk 01:22:48]} {[%emt 00:00:17]} c5 {[%clk 01:28:02]} {[%emt 00:02:24]} 10.
Nbd2 {[%clk 01:19:36]} {[%emt 00:03:42]} b5 {[%clk 01:26:38]} {[%emt 00:01:55]}
11. Bc2 {[%clk 01:19:54]} {[%emt 00:00:11]} Nc6 {[%clk 01:26:24]} {[%emt
00:00:44]} 12. Nf1 {[%clk 01:16:13]} {[%emt 00:04:10]} Re8 {[%clk 01:26:15]}
{[%emt 00:00:40]} 13. Ng3 {[%clk 01:11:30]} {[%emt 00:05:13]} h6 {[%clk
01:24:25]} {[%emt 00:02:20]} 14. h3 {[%clk 01:07:22]} {[%emt 00:04:38]} Qc7
{[%clk 01:05:24]} {[%emt 00:19:31]} 15. Be3 {[%clk 01:05:59]} {[%emt 00:01:54]}
d5 {[%clk 00:51:01]} {[%emt 00:14:53]} 16. d4 {[%clk 01:03:34]} {[%emt
00:02:55]} dxe4 {[%clk 00:39:16]} {[%emt 00:12:16]} 17. dxe5 {[%clk 00:50:57]}
{[%emt 00:13:06]} Nxe5 {[%clk 00:26:29]} {[%emt 00:13:17]} 18. Nxe4 {[%clk
00:50:42]} {[%emt 00:00:44]} Nxf3+ {[%clk 00:09:54]} {[%emt 00:17:06]} 19. Qxf3
{[%clk 00:50:58]} {[%emt 00:00:14]} Nd5 {[%emt 00:06:27]} 20. Bxc5 {[%clk
00:47:45]} {[%emt 00:03:43]} Bb7 {[%clk 00:04:05]} {[%emt 00:00:23]} 21. Bd4
{[%clk 00:46:10]} {[%emt 00:02:05]} Bf8 {[%clk 00:02:32]} {[%emt 00:02:03]} 22.
Qf5 {[%clk 00:44:39]} {[%emt 00:02:00]} Qc8 {[%clk 00:01:56]} {[%emt 00:01:07]}
23. Nc5 {[%clk 00:36:57]} {[%emt 00:08:12]} Qxf5 {[%clk 00:01:42]} {[%emt
00:00:43]} 24. Bxf5 {[%clk 00:37:22]} {[%emt 00:00:05]} Bc6 {[%clk 00:01:12]}
{[%emt 00:01:00]} 25. Be4 {[%clk 00:34:01]} {[%emt 00:03:51]} Ne7 {[%clk
00:01:20]} {[%emt 00:00:22]} 26. Rad1 {[%clk 00:32:06]} {[%emt 00:02:25]} Bxe4
{[%clk 00:01:26]} {[%emt 00:00:25]} 27. Nxe4 {[%clk 00:32:13]} {[%emt
00:00:22]} Nc6 {[%clk 00:01:49]} {[%emt 00:00:08]} 28. Ng3 {[%clk 00:26:27]}
{[%emt 00:06:15]} Red8 {[%clk 00:01:31]} {[%emt 00:00:49]} 29. Bb6 {[%clk
00:24:56]} {[%emt 00:02:01]} Rdb8 {[%clk 00:01:52]} {[%emt 00:00:08]} 30. Bc7
{[%clk 00:25:10]} {[%emt 00:00:15]} Rb7 {[%clk 00:02:11]} {[%emt 00:00:12]} 31.
Bd6 {[%clk 00:25:11]} {[%emt 00:00:29]} b4 {[%clk 00:02:00]} {[%emt 00:00:41]}
32. Bxf8 {[%clk 00:25:04]} {[%emt 00:00:37]} Kxf8 {[%clk 00:02:20]} {[%emt
00:00:11]} 33. Rd6 {[%clk 00:23:25]} {[%emt 00:02:09]} Na5 {[%clk 00:02:28]}
{[%emt 00:00:22]} 34. cxb4 {[%clk 00:23:04]} {[%emt 00:00:51]} Nc4 {[%clk
00:02:26]} {[%emt 00:00:32]} 35. Rd4 {[%clk 00:22:09]} {[%emt 00:01:25]} Nxb2
{[%clk 00:02:49]} {[%emt 00:00:07]} 36. Nf5 {[%clk 00:22:12]} {[%emt 00:00:27]}
a5 {[%clk 00:01:30]} {[%emt 00:01:49]} 37. Rb1 {[%clk 00:20:11]} {[%emt
00:02:30]} Na4 {[%clk 00:01:35]} {[%emt 00:00:25]} 38. Rbd1 {[%clk 00:19:49]}
{[%emt 00:00:51]} Rbb8 {[%clk 00:01:20]} {[%emt 00:00:46]} 39. bxa5 {[%clk
00:18:41]} {[%emt 00:01:38]} Nc3 {[%clk 00:01:41]} {[%emt 00:00:08]} 40. R1d2
{[%clk 00:18:57]} {[%emt 00:00:14]} g6 {[%clk 00:01:33]} {[%emt 00:00:38]} 41.
Nxh6 {[%clk 00:17:30]} {[%emt 00:01:57]} Kg7 {[%clk 00:29:40]} {[%emt
00:02:23]} 42. Ng4 {[%clk 00:46:28]} {[%emt 00:01:32]} Rxa5 {[%clk 00:29:47]}
{[%emt 00:00:23]} 43. Rc2 {[%clk 00:44:48]} {[%emt 00:02:10]} Nxa2 {[%clk
00:26:03]} {[%emt 00:04:15]} 44. Rd7 {[%clk 00:44:47]} {[%emt 00:00:30]} Rb1+
{[%clk 00:23:47]} {[%emt 00:02:46]} 45. Kh2 {[%clk 00:45:11]} {[%emt 00:00:05]}
Rc1 {[%clk 00:23:39]} {[%emt 00:00:39]} 46. Re2 {[%clk 00:44:29]} {[%emt
00:01:11]} Nc3 {[%clk 00:20:22]} {[%emt 00:03:48]} 47. Ree7 {[%clk 00:44:17]}
{[%emt 00:00:41]} Rf5 {[%clk 00:18:18]} {[%emt 00:02:35]} 48. Ne5 {[%clk
00:43:17]} {[%emt 00:01:30]} Re1 {[%clk 00:14:00]} {[%emt 00:04:48]} 49. Rxf7+
{[%clk 00:43:06]} {[%emt 00:00:40]} Rxf7 {[%clk 00:14:22]} {[%emt 00:00:09]}
50. Nxf7 {[%clk 00:42:27]} {[%emt 00:01:09]} Kf6 {[%clk 00:14:06]} {[%emt
00:00:46]} 51. Nh6 {[%clk 00:42:33]} {[%emt 00:00:24]} Ne4 {[%clk 00:12:12]}
{[%emt 00:02:23]} 52. Ng4+ {[%clk 00:42:50]} {[%emt 00:00:13]} Ke6 {[%clk
00:12:11]} {[%emt 00:00:32]} 53. Rd3 {[%clk 00:42:02]} {[%emt 00:01:17]} Re2
{[%clk 00:06:10]} {[%emt 00:06:32]} 54. f3 {[%clk 00:41:47]} {[%emt 00:00:45]}
Nd6 {[%clk 00:06:08]} {[%emt 00:00:31]} 55. Re3+ {[%clk 00:41:55]} {[%emt
00:00:23]} Rxe3 {[%clk 00:06:32]} {[%emt 00:00:06]} 56. Nxe3 {[%clk 00:42:19]}
{[%emt 00:00:05]} Kf6 {[%clk 00:06:46]} {[%emt 00:00:15]} 57. h4 {[%clk
00:41:59]} {[%emt 00:00:52]} Ne8 {[%clk 00:06:52]} {[%emt 00:00:24]} 58. g4
{[%clk 00:42:12]} {[%emt 00:00:16]} Ng7 {[%clk 00:07:02]} {[%emt 00:00:21]} 59.
Kg3 {[%clk 00:42:22]} {[%emt 00:00:20]} Ke5 {[%clk 00:07:21]} {[%emt 00:00:10]}
60. Nc4+ {[%clk 00:41:25]} {[%emt 00:01:28]} Kd4 {[%clk 00:07:29]} {[%emt
00:00:22]} 61. Nd6 {[%clk 00:41:01]} {[%emt 00:00:54]} Ke5 {[%clk 00:07:34]}
{[%emt 00:00:25]} 62. Ne4 {[%clk 00:40:51]} {[%emt 00:00:40]} Ne6 {[%clk
00:07:14]} {[%emt 00:00:50]} 63. Ng5 {[%clk 00:41:07]} {[%emt 00:00:14]} Nd4
{[%clk 00:07:00]} {[%emt 00:00:45]} 64. f4+ {[%clk 00:40:56]} {[%emt 00:00:41]}
Kf6 {[%clk 00:07:18]} {[%emt 00:00:11]} 65. Kf2 {[%clk 00:40:43]} {[%emt
00:00:43]} Nc6 {[%clk 00:07:23]} {[%emt 00:00:24]} 66. Ke3 {[%clk 00:40:54]}
{[%emt 00:00:21]} Ne7 {[%clk 00:07:30]} {[%emt 00:00:22]} 67. Ke4 {[%clk
00:41:16]} {[%emt 00:00:08]} Ng8 {[%clk 00:07:41]} {[%emt 00:00:19]} 68. Nf3
{[%clk 00:41:30]} {[%emt 00:00:17]} Ke6 {[%clk 00:07:46]} {[%emt 00:00:24]} 69.
Nd4+ {[%clk 00:41:03]} {[%emt 00:00:58]} Kf7 {[%clk 00:07:16]} {[%emt
00:00:59]} 70. f5 {[%clk 00:40:29]} {[%emt 00:01:05]} gxf5+ {[%clk 00:07:18]}
{[%emt 00:00:27]} 71. Kxf5 {[%clk 00:40:34]} {[%emt 00:00:26]} Kg7 {[%clk
00:07:33]} {[%emt 00:00:15]} 72. Kg5 {[%clk 00:40:37]} {[%emt 00:00:27]} Kh7
{[%clk 00:07:52]} {[%emt 00:00:10]} 73. Nf5 {[%clk 00:40:53]} {[%emt 00:00:14]}
Kh8 {[%clk 00:07:32]} {[%emt 00:00:49]} 74. Kg6 {[%clk 00:38:07]} {[%emt
00:03:17]} Ne7+ {[%clk 00:07:53]} {[%emt 00:00:08]} 75. Kf6 {[%clk 00:38:13]}
{[%emt 00:00:23]} Nd5+ {[%clk 00:07:51]} {[%emt 00:00:33]} 76. Kf7 {[%clk
00:38:29]} {[%emt 00:00:14]} Nf4 {[%clk 00:07:39]} {[%emt 00:00:42]} 77. g5
{[%clk 00:38:41]} {[%emt 00:00:18]} Kh7 {[%clk 00:06:46]} {[%emt 00:01:23]} 78.
Ne7 {[%clk 00:38:31]} {[%emt 00:00:39]} Ng6 {[%clk 00:06:07]} {[%emt 00:01:09]}
79. h5 {[%clk 00:38:46]} {[%emt 00:00:16]} Ne5+ {[%clk 00:06:27]} {[%emt
00:00:10]} 80. Kf6 {[%clk 00:39:03]} {[%emt 00:00:13]} Ng4+ {[%clk 00:06:28]}
{[%emt 00:00:29]} 81. Ke6 {[%clk 00:39:03]} {[%emt 00:00:30]} Kg7 {[%clk
00:06:32]} {[%emt 00:00:26]} 82. Nf5+ {[%clk 00:39:04]} {[%emt 00:00:29]} Kh7
{[%clk 00:06:23]} {[%emt 00:00:38]} 83. g6+ {[%clk 00:38:08]} {[%emt 00:01:26]}
Kg8 {[%clk 00:06:01]} {[%emt 00:00:52]} 84. Ne7+ {[%clk 00:34:40]} {[%emt
00:03:59]} Kg7 {[%clk 00:05:15]} {[%emt 00:01:15]} 85. Kf5 {[%clk 00:35:02]}
{[%emt 00:00:08]} Nh6+ {[%clk 00:04:57]} {[%emt 00:00:48]} 86. Kg5 {[%clk
00:35:04]} {[%emt 00:00:28]} Kh8 {[%clk 00:05:10]} {[%emt 00:00:17]} 87. Nf5
{[%clk 00:34:39]} {[%emt 00:00:56]} Ng8 {[%clk 00:05:18]} {[%emt 00:00:20]} 88.
Nh6 {[%clk 00:34:19]} {[%emt 00:00:51]} Ne7 {[%clk 00:04:54]} {[%emt 00:00:55]}
89. Nf7+ {[%clk 00:34:43]} {[%emt 00:00:07]} Kg8 {[%clk 00:05:03]} {[%emt
00:00:21]} 90. h6 {[%clk 00:35:00]} {[%emt 00:00:12]} Nc8 {[%clk 00:03:27]}
{[%emt 00:02:05]} 91. h7+ {[%clk 00:35:24]} {[%emt 00:00:07]} Kf8 {[%clk
00:03:51]} {[%emt 00:00:06]} 92. h8=Q+ {[%clk 00:35:47]} {[%emt 00:00:07]} Ke7
{[%clk 00:04:17]} {[%emt 00:00:04]} 93. Qe5+ {[%clk 00:36:10]} {[%emt
00:00:07]} 1-0

[Event "DEM U16 2025"]
[Site "Willingen GER"]
[Date "2025.06.11"]
[Round "5"]
[White "Schwitkowski, Luka"]
[Black "Fruth, David"]
[Result "1/2-1/2"]
[Termination "normal"]
[Board "10"]
[WhiteElo "2129"]
[BlackElo "2131"]
[WhiteClock "00:01:27"]
[BlackClock "00:37:12"]
[PlyCount "93"]
[WhiteFideId "34610669"]
[BlackFideId "16257596"]
[EventCountry "GER"]
[EventRounds "9"]
[EventType "swiss"]
[EventDate "2025.06.07"]

1. e4 {[%clk 01:30:58]} {[%emt 00:00:01]} c5 {[%clk 01:30:51]} {[%emt
00:00:10]} 2. Nf3 {[%clk 01:31:26]} {[%emt 00:00:02]} g6 {[%clk 01:31:16]}
{[%emt 00:00:05]} 3. d4 {[%clk 01:31:47]} cxd4 {[%clk 01:31:45]} {[%emt
00:00:11]} 4. Nxd4 {[%clk 01:32:05]} Nc6 {[%clk 01:32:08]} {[%emt 00:00:18]} 5.
c4 {[%clk 01:32:29]} d6 {[%clk 01:32:34]} {[%emt 00:00:11]} 6. Nc3 {[%clk
01:32:41]} Nf6 {[%clk 01:33:01]} {[%emt 00:00:20]} 7. Be2 {[%emt 00:00:22]} Bg7
{[%clk 01:33:26]} 8. Be3 {[%clk 01:33:11]} {[%emt 00:00:13]} O-O {[%clk
01:33:50]} {[%emt 00:00:07]} 9. O-O {[%clk 01:33:35]} {[%emt 00:00:05]} Nxd4
{[%clk 01:33:57]} {[%emt 00:00:23]} 10. Bxd4 {[%clk 01:33:45]} {[%emt
00:00:21]} a5 {[%clk 01:34:25]} {[%emt 00:00:02]} 11. h3 {[%clk 01:28:40]}
{[%emt 00:05:33]} Bd7 {[%clk 01:34:49]} {[%emt 00:00:06]} 12. Qc2 {[%clk
01:28:59]} {[%emt 00:00:12]} Bc6 {[%clk 01:34:40]} {[%emt 00:00:39]} 13. Rad1
{[%clk 01:28:56]} {[%emt 00:00:33]} a4 {[%clk 01:34:32]} {[%emt 00:00:39]} 14.
c5 {[%clk 01:29:12]} {[%emt 00:00:15]} Qa5 {[%clk 01:35:00]} {[%emt 00:00:02]}
15. cxd6 {[%clk 01:29:37]} {[%emt 00:00:05]} exd6 {[%clk 01:35:24]} {[%emt
00:00:05]} 16. a3 {[%clk 01:29:46]} {[%emt 00:00:21]} Rfe8 {[%clk 01:33:40]}
{[%emt 00:02:15]} 17. Bd3 {[%clk 01:29:41]} {[%emt 00:00:34]} Rad8 {[%clk
01:24:04]} {[%emt 00:10:07]} 18. Rfe1 {[%clk 01:19:44]} {[%emt 00:10:26]} Nd7
{[%clk 01:13:21]} {[%emt 00:11:13]} 19. Bxg7 {[%clk 01:04:41]} {[%emt
00:15:33]} Kxg7 {[%clk 01:13:49]} {[%emt 00:00:03]} 20. f4 {[%clk 01:02:30]}
{[%emt 00:02:41]} d5 {[%clk 01:08:01]} {[%emt 00:06:17]} 21. e5 {[%clk
00:57:59]} {[%emt 00:05:01]} f6 {[%clk 01:08:06]} {[%emt 00:00:26]} 22. exf6+
{[%clk 00:52:19]} {[%emt 00:06:09]} Nxf6 {[%clk 01:08:26]} {[%emt 00:00:11]}
23. Rxe8 {[%clk 00:52:33]} {[%emt 00:00:15]} Rxe8 {[%clk 01:08:43]} {[%emt
00:00:13]} 24. Qf2 {[%clk 00:52:48]} {[%emt 00:00:14]} Qc7 {[%clk 01:05:43]}
{[%emt 00:03:32]} 25. Qd4 {[%clk 00:50:18]} {[%emt 00:02:58]} Qe7 {[%clk
01:04:46]} {[%emt 00:01:28]} 26. Nxa4 {[%clk 00:44:01]} {[%emt 00:06:48]} Qe3+
{[%clk 00:57:08]} {[%emt 00:08:08]} 27. Qxe3 {[%clk 00:44:08]} {[%emt
00:00:22]} Rxe3 {[%clk 00:57:36]} {[%emt 00:00:03]} 28. Nc5 {[%clk 00:42:43]}
{[%emt 00:01:52]} Nh5 {[%clk 00:48:59]} {[%emt 00:09:09]} 29. Kf2 {[%clk
00:35:10]} {[%emt 00:08:03]} d4 {[%clk 00:48:57]} {[%emt 00:00:32]} 30. Bc4
{[%clk 00:26:38]} {[%emt 00:09:02]} Nxf4 {[%clk 00:43:29]} {[%emt 00:05:59]}
31. Rxd4 {[%clk 00:25:12]} {[%emt 00:01:55]} Nxg2 {[%clk 00:43:43]} {[%emt
00:00:17]} 32. Ne6+ {[%clk 00:22:21]} {[%emt 00:03:21]} Kf6 {[%clk 00:42:26]}
{[%emt 00:01:47]} 33. Nd8 {[%clk 00:22:15]} {[%emt 00:00:36]} Be4 {[%clk
00:38:46]} {[%emt 00:04:10]} 34. Bf1 {[%clk 00:20:46]} {[%emt 00:01:58]} Ke5
{[%clk 00:38:26]} {[%emt 00:00:51]} 35. Rxe4+ {[%clk 00:17:12]} {[%emt
00:04:03]} Rxe4 {[%clk 00:38:55]} {[%emt 00:00:02]} 36. Bxg2 {[%clk 00:17:27]}
{[%emt 00:00:14]} Rd4 {[%clk 00:39:13]} {[%emt 00:00:12]} 37. Nxb7 {[%clk
00:17:13]} {[%emt 00:00:44]} Rd2+ {[%clk 00:39:40]} {[%emt 00:00:04]} 38. Kg3
{[%clk 00:17:04]} {[%emt 00:00:38]} Rxb2 {[%clk 00:39:51]} {[%emt 00:00:19]}
39. a4 {[%clk 00:17:00]} {[%emt 00:00:34]} Rb3+ {[%clk 00:39:28]} {[%emt
00:00:54]} 40. Bf3 {[%clk 00:14:36]} {[%emt 00:02:53]} g5 {[%clk 00:39:02]}
{[%emt 00:00:56]} 41. Na5 {[%clk 00:06:53]} {[%emt 00:08:12]} Rc3 {[%clk
00:38:42]} {[%emt 00:00:51]} 42. Nc6+ {[%clk 00:06:03]} {[%emt 00:01:20]} Kf5
{[%clk 00:36:43]} {[%emt 00:02:30]} 43. Nd4+ {[%clk 00:04:01]} {[%emt
00:02:31]} Ke5 {[%clk 00:36:44]} {[%emt 00:00:30]} 44. Nb5 {[%clk 00:02:20]}
{[%emt 00:02:10]} Rb3 {[%clk 00:37:04]} {[%emt 00:00:09]} 45. Na7 {[%clk
00:02:05]} {[%emt 00:00:46]} h5 {[%clk 00:37:04]} {[%emt 00:00:30]} 46. Nc6+
{[%clk 00:02:20]} {[%emt 00:00:15]} Kd6 {[%clk 00:37:12]} {[%emt 00:00:21]} 47.
a5 {[%clk 00:01:27]} {[%emt 00:01:25]} 1/2-1/2